000 00384pab a2200169 454500
008 180718b2011 xxu||||| |||| 00| 0 eng d
100 _aDas, H.N.
245 _aThe power scenario in Assam
260 _c2011
300 _ap.38-40.
362 _aDec
650 _aPower industry - India - Assam
650 _aPower industry
773 _aYojana
908 _aN
909 _a93845
999 _c93845
_d93845